Jee Main and Advanced Physics 2020: (Record no. 184394)

MARC details
000 -LEADER
fixed length control field 00558nam a22001817a 4500
005 - DATE AND TIME OF LATEST TRANSACTION
control field 20220119151330.0
010 ## - LCCN (DPL NO)
LC control number ENG-131249-50
020 ## - INTERNATIONAL STANDARD BOOK NUMBER
International Standard Book Number 978-93-5273-346-0
Terms of availability 1775.00
035 ## - SYSTEM CONTROL NUMBER
System control number EN-114781-82
037 ## - SOURCE OF ACQUISITION
Source of stock number/acquisition DBAD
082 ## - DEWEY DECIMAL CLASSIFICATION NUMBER
Classification number 530
100 ## - MAIN ENTRY--PERSONAL NAME
Personal name Kakani, S.L.
245 ## - TITLE STATEMENT
Title Jee Main and Advanced Physics 2020:
Statement of responsibility, etc S.L. Kakani, C. Hemrajani
260 ## - PUBLICATION, DISTRIBUTION, ETC. (IMPRINT)
Place of publication, distribution, etc Mumbai
Name of publisher, distributor, etc Himalaya Publishing House Pvt. Ltd
Date of publication, distribution, etc 2018
270 ## - ADDRESS
City Mumbai
Address Ramdoot, Dr. Bhalerao Marg, Girgaon
Postal code 400004
300 ## - PHYSICAL DESCRIPTION
Extent 576p.
Dimensions 27cm(pbk)
942 ## - ADDED ENTRY ELEMENTS (KOHA)
Source of classification or shelving scheme Dewey Decimal Classification
Item type English Books
Classification part 530
Call number suffix KAK
Holdings
Withdrawn status Lost status Materials specified (bound volume or other part) Not for loan Collection code Home library Current library Date acquired Source of acquisition Cost, normal purchase price Full call number Barcode Copy number Cost, replacement price Koha item type
    Volume 1   Non-fiction Ashok Vihar Ashok Vihar 19/01/2022 DBAD/PUB 1775.00 530 KAK EN-114781 1 1775.00 English Books
    VOLUME 2   Non-fiction Ashok Vihar Ashok Vihar 19/01/2022 DBAD/PUB 1775.00 530 KAK EN-114782 1 1775.00 English Books

© Delhi Public Library
Hit Counter
free hit counter